Statistics for George Harrison Discography

Click here to take the quiz!

General Stats

  • This quiz has been taken 142 times
  • The average score is 27 of 58

Answer Stats

All Things Must Pass (1970)% Correct
All Things Must Pass
88%
My Sweet Lord
88%
My Sweet Lord (2000)
88%
Wah-Wah
74%
Dark Horse
71%
Give Me Love (Give Me Peace on Earth)
71%
Isn't It a Pity (Version One)
71%
Isn't it a Pity (Version Two)
71%
What Is Life
69%
Living in the Material World
65%
If Not for You
62%
Beware of Darkness
61%
I'd Have You Anytime
61%
Apple Scruffs
57%
Run of The Mill
57%
Ballad of Sir Frankie Crisp (Let It Roll)
56%
Behind That Locked Door
55%
You
55%
Sue Me, Sue You Blues
53%
It's Johnny's Birthday
51%
Art of Dying
49%
Awaiting on You All
48%
Ding Dong, Ding Dong
48%
Let It Down
47%
Let It Down
47%
Thanks for the Pepperoni
45%
The Light That Has Lighted the World
45%
This Guitar (Can't Keep From Crying)
44%
Try Some Buy Some
44%
Don't Let Me Wait Too Long
43%
Hear Me Lord
43%
I Dig Love
42%
Far East Man
40%
Simply Shady
40%
Hari's On Tour
39%
I Remember Jeep
39%
That Is All
39%
Bye Bye, Love
38%
Be Here Now
36%
It Is "He" (Jai Sri Krishna)
36%
Maya Love
36%
So Sad
36%
The Lord Loves the One (That Loves the Lord)
36%
Who Can See It
35%
The Day the World Gets 'Round
34%
Miss O'Dell
32%
I Live For You
31%
His Name is Legs (Ladies and Gentlemen)
29%
Out of the Blue
29%
Deep Blue
27%
A Bit More of You
26%
Can't Stop Thinking About You
26%
The Answer's at the End
26%
Grey Cloudy Lies
23%
Ooh Baby (You Know That I Love You)
23%
Tired of Midnight Blue
23%
World of Stone
23%
Plug Me In
21%

Score Distribution

Percentile by Number Answered

Percent of People with Each Score

Your Score History

You have not taken this quiz